Meditations pour tous les jours de l'année, sur les Evangiles des dimanches, dont il y en a sept chacun, pour les sept jours de chaque semaine, avec celles du Caresme. Divisées en trois parties

Detalles Bibliográficos
Autor principal: Barry, Paul de S.J. 1587-1661
Formato: Libro
Lenguaje:French
Publicado: imprimé à Lyon 1653
Materias:
Colección:Banco de datos
Acervo:Biblioteca de la Congregación del Oratorio de San Felipe Neri de México. Iglesia La Profesa
Descripción Física:3 t. 8°
Tema general:Ascética
Notas:Portada tipográfica con pleca y monograma de la Sociedad de Jesús en grabado xilográfico. Texto a renglón seguido con apostillas marginales. Incluyen cabeceras de título en grabado xilográfico. Cada tomo con portada y numeración propias. Año de los t. 1-3 publicados en 1653. Paginación: t. 1 [17] h., 702 p.; t. 2 [11] h., 768 p.; t. 3 [12] h., 990 p. Encuadernación en pergamino sobre cartón (8-10). Marca de fuego: Hospicio de San Felipe Neri, ciudad de México (8-10). Sello en tinta del Oratorio de San Felipe Neri de México. Biblioteca La Profesa, D.F. (8-10). Daños de polilla y en la encuadernación (8)
LEADER 01676nam a22001810004500
035 |a 8 
041 0 |a fre 
100 1 |a Barry, Paul de  |c S.J.  |d 1587-1661 
245 1 0 |a Meditations pour tous les jours de l'année, sur les Evangiles des dimanches, dont il y en a sept chacun, pour les sept jours de chaque semaine, avec celles du Caresme. Divisées en trois parties  |c par le P. Paul de Barry, de la Compagnie de Iesus 
260 |a imprimé à Lyon  |b et se vend à Châlon sur Saône, chez Pierre Cusset, marchand libraire, demeurant proche le Châtelet  |c 1653 
300 |a 3 t.  |c 8° 
500 |a Portada tipográfica con pleca y monograma de la Sociedad de Jesús en grabado xilográfico. Texto a renglón seguido con apostillas marginales. Incluyen cabeceras de título en grabado xilográfico. Cada tomo con portada y numeración propias. Año de los t. 1-3 publicados en 1653. Paginación: t. 1 [17] h., 702 p.; t. 2 [11] h., 768 p.; t. 3 [12] h., 990 p. Encuadernación en pergamino sobre cartón (8-10). Marca de fuego: Hospicio de San Felipe Neri, ciudad de México (8-10). Sello en tinta del Oratorio de San Felipe Neri de México. Biblioteca La Profesa, D.F. (8-10). Daños de polilla y en la encuadernación (8)  
505 0 0 |a t. 2 Contenant celles qui sont depuis le premier jour de Caresme iusques a la feste du S. Sacrament.-- t. 3 Contenant celes qui sont depuis la feste du S. Sacrement iusques au premier dimanche de l'Advent 
650 1 0 |a Ascética 
949 |a Iglesia La Profesa, Biblioteca t. 1 (8); t. 2 (9); t. 3 (10) 
942 |c PROFESA 
943 |g Biblioteca de la Congregación del Oratorio de San Felipe Neri de México. Iglesia La Profesa 
999 |c 946819  |d 946819